Educación ambiental para el desarrollo sustentable (Record no. 16306)

MARC details
000 -LEADER
campo de control de longitud fija 01807nmc a2200493 a 4500
003 - IDENTIFICADOR DE NÚMERO DE CONTROL
campo de control AR-BaBNM
005 - FECHA Y HORA DE LA ÚLTIMA TRANSACCIÓN
campo de control 20251128210638.0
008 - DATOS DE LONGITUD FIJA--INFORMACIÓN GENERAL
campo de control de longitud fija 116020s2005 ||||||||||||||000 | spa||
020 ## - NÚMERO INTERNACIONAL ESTÁNDAR DEL LIBRO
Número Internacional Estándar del Libro 978-84-95294-65-4
040 ## - FUENTE DE CATALOGACIÓN
Centro/agencia transcriptor AR-BaBNM
111 2# - ENTRADA PRINCIPAL--NOMBRE DE CONGRESO/REUNIÓN
Nombre de congreso/reunión o jurisdicción como elemento de entrada Congreso de Educación Ambiental para el Desarrollo Sustentable de la República Argentina
Número del congreso/reunión o número de parte o sección 1
Fecha del congreso o de la firma del tratado 2004
Sede del congreso/Lugar de la reunión Córdoba, Argentina
245 10 - MENCIÓN DEL TÍTULO
Título Educación ambiental para el desarrollo sustentable
Resto del título aportes y apuntes del Primer Congreso de Educación Ambiental para el Desarrollo Sustentable de la República Argentina
250 ## - MENCION DE EDICION
Mención de edición 1ª ed.
260 ## - PUBLICACIÓN, DISTRIBUCIÓN, ETC.
Lugar de publicación, distribución, etc. Buenos Aires
Nombre del editor, distribuidor, etc. Ctera
Fecha de publicación, distribución, etc. 2005
Nombre del editor, distribuidor, etc. Ediciones Marina Vilte
-- Miño y Dávila Editores
300 0# - DESCRIPCIÓN FÍSICA
Extensión 413 p.
490 #0 - MENCIÓN DE SERIE
Mención de serie Sociedad y ambiente. Educación, ambiente y sustentabilidad
505 ## - NOTA DE CONTENIDO CON FORMATO
Título Palabras de apertura del Congreso
Mención de responsabilidad Filmus Daniel
505 ## - NOTA DE CONTENIDO CON FORMATO
Título Palabras de cierre del Congreso
Mención de responsabilidad Cardelli, Jorge
610 24 - PUNTO DE ACCESO ADICIONAL DE MATERIA--NOMBRE DE ENTIDAD CORPORATIVA
Nombre de entidad corporativa o nombre de jurisdicción como elemento de entrada Escuela Marina Vilte
650 #4 - PUNTO DE ACCESO ADICIONAL DE MATERIA--TÉRMINO DE MATERIA
Término de materia o nombre geográfico como elemento de entrada EDUCACION AMBIENTAL
650 #4 - PUNTO DE ACCESO ADICIONAL DE MATERIA--TÉRMINO DE MATERIA
Término de materia o nombre geográfico como elemento de entrada POLITICA EDUCATIVA
650 #4 - PUNTO DE ACCESO ADICIONAL DE MATERIA--TÉRMINO DE MATERIA
Término de materia o nombre geográfico como elemento de entrada PROGRAMAS DE EDUCACION
653 #0 - TÉRMINO DE INDIZACIÓN--NO CONTROLADO
Término no controlado DESARROLLO SUSTENTABLE
653 #0 - TÉRMINO DE INDIZACIÓN--NO CONTROLADO
Término no controlado EXPERIENCIAS EDUCATIVAS
700 1# - ENTRADA AGREGADA--NOMBRE PERSONAL
Nombre de persona Priotto, Guillermo
Término indicativo de función/relación compilador
700 1# - ENTRADA AGREGADA--NOMBRE PERSONAL
Nombre de persona Quinteros, Felipe A.
700 1# - ENTRADA AGREGADA--NOMBRE PERSONAL
Nombre de persona Dalerba, Laura
700 1# - ENTRADA AGREGADA--NOMBRE PERSONAL
Nombre de persona Galano, Carlos
700 1# - ENTRADA AGREGADA--NOMBRE PERSONAL
Nombre de persona González Gaudiano, Edgar
700 1# - ENTRADA AGREGADA--NOMBRE PERSONAL
Nombre de persona Gurevich, Raquel
700 1# - ENTRADA AGREGADA--NOMBRE PERSONAL
Nombre de persona Leff Zimermann, Enrique
700 1# - ENTRADA AGREGADA--NOMBRE PERSONAL
Nombre de persona Maffei, Marta
700 1# - ENTRADA AGREGADA--NOMBRE PERSONAL
Nombre de persona Pomier Layrargues, Philippe
700 1# - ENTRADA AGREGADA--NOMBRE PERSONAL
Nombre de persona Rojas Valencia, Jorge
700 1# - ENTRADA AGREGADA--NOMBRE PERSONAL
Nombre de persona Rivarosa, Alcira Susana
700 1# - ENTRADA AGREGADA--NOMBRE PERSONAL
Nombre de persona Tréllez Solís, Eloísa
700 1# - ENTRADA AGREGADA--NOMBRE PERSONAL
Nombre de persona Yasky, Hugo
Término indicativo de función/relación prologuista
700 1# - ENTRADA AGREGADA--NOMBRE PERSONAL
Nombre de persona Cardelli, Jorge
Término indicativo de función/relación prologuista
800 1# - PUNTO DE ACCESO ADICIONAL DE SERIE--NOMBRE DE PERSONA
Nombre de persona Galano, Carlos
800 1# - PUNTO DE ACCESO ADICIONAL DE SERIE--NOMBRE DE PERSONA
Nombre de persona Rivarosa, Alcira Susana
800 1# - PUNTO DE ACCESO ADICIONAL DE SERIE--NOMBRE DE PERSONA
Nombre de persona Priotto, Guillermo
942 ## - ELEMENTOS DE ENTRADA SECUNDARIOS (KOHA)
Tipo de ítem Koha Libros
998 ## - INFORMACIÓN DE CONTROL LOCAL (RLIN)
Iniciales del catalogador, CIN (RLIN) me-solo cat
Holdings
Estatus retirado Estado de pérdida Fuente de la clasificación o esquema de estantería Estado de daño No para préstamo Biblioteca de origen Biblioteca actual Fecha de adquisición Fuente de adquisición Total de préstamos Signatura topográfica completa Código de barras Visto por última vez Precio de reemplazo Tipo de ítem Koha
    Clasificación Decimal Dewey     Liberty Liberty 28/11/2025 C-BP-005   37.014.5 PRI 139274 28/11/2025 28/11/2025 Libros
    Clasificación Decimal Dewey     Liberty Liberty 28/11/2025 C-BP-005   37.014.5 PRI 139275 28/11/2025 28/11/2025 Libros